书目信息 |
| 题名: |
珊瑚岛
|
|
| 作者: | 巴兰坦 著 ;沈忆文 , 沈忆辉 译 | |
| 分册: | ||
| 出版信息: | 北京 中国对外翻译出版有限公司 2012.07 |
|
| 页数: | 245页 | |
| 开本: | 23cm | |
| 丛书名: | 双语名著无障碍阅读丛书 | |
| 单 册: | ||
| 中图分类: | H319.4:I | |
| 科图分类: | ||
| 主题词: | 儿童文学--er tong wen xue--长篇小说--英国--近代--英语--汉语--对照读物 | |
| 电子资源: | ||
| ISBN: | 978-7-5001-3443-5 | |
| 000 | 01265nam 2200301 450 | |
| 001 | CAL 010040100328 | |
| 005 | 20150811154214.98 | |
| 010 | @a978-7-5001-3443-5@dCNY22.50 | |
| 100 | @a20121206d2012 em y0chiy50 ea | |
| 101 | 1 | @achi@aeng@ceng |
| 102 | @aCN@b110000 | |
| 105 | @ay z 000ay | |
| 106 | @ar | |
| 200 | 1 | @a珊瑚岛@Ashan hu dao@d= The coral island@f(英国) R. M. 巴兰坦著@g沈忆文, 沈忆辉译@zeng |
| 210 | @a北京@c中国对外翻译出版有限公司@d2012.07 | |
| 215 | @a245页@d23cm | |
| 225 | 2 | @a双语名著无障碍阅读丛书@Ashuang yu ming zhu wu zhang ai yue du cong shu@h第三级 |
| 330 | @a本书描写了三少年在南太平洋珊瑚岛上的经历。岛上奇特的生物景观、美妙的热带风光迷住了三个孩子, 但他们很快就发现生活并不像表面那么和平宁静, 食人者的暴行使他们深感震惊和愤怒, 他们不惜一切代价, 勇敢机智的向受害者伸出了救援之手。 | |
| 410 | 0 | @12001 @a双语名著无障碍阅读丛书@h第三级 |
| 500 | 10 | @aCoral island@mChinese |
| 586 | @a | |
| 606 | 0 | @a儿童文学@Aer tong wen xue@x长篇小说@y英国@z近代@x英语@x汉语@j对照读物 |
| 690 | @aH319.4:I@v5 | |
| 701 | 1 | @a巴兰坦@Aba lan tan@g(Ballantyne, R. M.),@f1825-1894@4著 |
| 702 | 0 | @a沈忆文@Ashen yi wen@4译 |
| 702 | 0 | @a沈忆辉@Ashen yi hui@4译 |
| 801 | 0 | @aCN@c20150820 |
| 905 | @a河南城建学院图书馆@dH319.4:I@eB046@f3 | |
| 珊瑚岛= The coral island/(英国) R. M. 巴兰坦著/沈忆文, 沈忆辉译.-北京:中国对外翻译出版有限公司,2012.07 |
| 245页;23cm.-(双语名著无障碍阅读丛书.第三级) |
| ISBN 978-7-5001-3443-5:CNY22.50 |
| 本书描写了三少年在南太平洋珊瑚岛上的经历。岛上奇特的生物景观、美妙的热带风光迷住了三个孩子, 但他们很快就发现生活并不像表面那么和平宁静, 食人者的暴行使他们深感震惊和愤怒, 他们不惜一切代价, 勇敢机智的向受害者伸出了救援之手。 |
| ● |
| 相关链接 |
|
|
|
正题名:珊瑚岛
索取号:H319.4:I/B046
 
预约/预借
| 序号 | 登录号 | 条形码 | 馆藏地/架位号 | 状态 | 备注 |
| 1 | 1163326 | 211633268 | 语言库209/209语言库 22排1列2层/ [索取号:H319.4:I/B046] | 在馆 | |
| 2 | 1163327 | 211633277 | 语言库209/209语言库 22排1列2层/ [索取号:H319.4:I/B046] | 在馆 | |
| 3 | 1163328 | 211633286 | 语言库209/209语言库 22排1列2层/ [索取号:H319.4:I/B046] | 在馆 |